Statistics for Easy General Knowledge #6

Click here to take the quiz!

General Stats

  • This quiz has been taken 45,629 times
  • The average score is 16 of 20

Answer Stats

QuestionAnswer% Correct
What is the only country that borders Portugal?Spain
98%
In what country would you find the Great Pyramid of Giza?
Egypt
95%
What was demoted from planet to dwarf planet in 2006?Pluto
94%
What does the Spanish word "agua" mean?Water
93%
Who appeared on every piece of British currency produced from 1960–2022?Queen Elizabeth II
91%
What restaurant chain calls itself "The Home of the Whopper"?Burger King
90%
What singer, known as the "King of Pop", died in 2009?Michael Jackson
90%
What addictive substance is found in coffee and Coca-Cola?Caffeine
89%
What country is the birth place of Pope Francis, Lionel Messi, and the tango?Argentina
88%
What "garden" did Adam and Eve live in?Garden of Eden
86%
Which Great Lake shares its name with a U.S. state?Lake Michigan
81%
What's the world's northernmost ocean?Arctic Ocean
79%
What popular food item is spelled with two Zs?
Pizza
(or Mozzarella)
79%
What type of teeth generally appear in a person's late teenage years?{Wisdom} teeth
79%
Which one of the Teenage Mutant Ninja Turtles has the same first name
as the male lead in "Titanic"?
Leonardo
76%
Name a city that starts with M which has an urban population greater than 10 million.Manila | Mexico City |
Moscow | Mumbai
74%
What building in the Washington D.C. area is named after its shape?Pentagon
69%
Who became the drummer of the Beatles in 1962?Ringo Starr
68%
What B word is a synonym of "carom" and "ricochet"?Bounce
61%
Which Olympic sport has China utterly dominated, winning 86% of all gold medals
ever awarded?
Table Tennis
56%

Score Distribution

Percentile by Number Answered

Percent of People with Each Score

Your Score History

You have not taken this quiz